| 000 | 00643nam a2200217 a 4500 | ||
|---|---|---|---|
| 999 |
_c3963 _d3963 |
||
| 001 | 3963 | ||
| 003 | BD-JhCC | ||
| 005 | 20180306191109.0 | ||
| 008 | 171120s1364 bg |||| ||a| 000 0 ben d | ||
| 035 | _a(BD-JhCC)3963 | ||
| 040 |
_aBD-JhCC _dBD-JhCC |
||
| 041 | _aben | ||
| 082 |
_a398.09 _bESD 1364 |
||
| 100 | _aইজদানী, রওশন | ||
| 245 |
_aমোমেনশাহীর লোক-সাহিত্য / _cরওশন ইজদানী, |
||
| 260 |
_aঢাকা : _bবাঙলা একাডেমী, _c1364 |
||
| 300 |
_a138 p. : _c24 cm. |
||
| 650 | _aFolk Literature | ||
| 942 |
_2ddc _cBK |
||